[Event "Girls U12 Polish Youth Championship"]
[Site "chess24.com"]
[Date "2018.04.29"]
[Round "1"]
[White "Wichura, Sara"]
[Black "Rejniak, Zuzanna"]
[Result "0-1"]
[Board "9"]
[WhiteElo "1179"]
[WhiteCountry "POL"]
[WhiteFideId "21816670"]
[WhiteEloChange "-3"]
[BlackElo "1458"]
[BlackCountry "POL"]
[BlackFideId "21848017"]
[BlackEloChange "3"]

1. e4 {[%clk 1:30:57]} c5 {[%clk 1:30:31]} 2. Nf3 {[%clk 1:30:56]} d6 {[%clk
1:29:51]} 3. d4 {[%clk 1:30:28]} cxd4 {[%clk 1:29:48]} 4. Nxd4 {[%clk 1:30:48]}
Nf6 {[%clk 1:29:50]} 5. Nc3 {[%clk 1:30:44]} a6 {[%clk 1:29:54]} 6. h3 {[%clk
1:30:05]} e5 {[%clk 1:27:46]} 7. Nb3 {[%clk 1:26:08]} Be6 {[%clk 1:15:56]} 8. Bg5
{[%clk 1:13:03]} Be7 {[%clk 1:14:28]} 9. Qd2 {[%clk 1:05:17]} Nc6 {[%clk
1:04:33]} 10. Be2 {[%clk 0:58:45]} h6 {[%clk 0:57:01]} 11. Bxf6 {[%clk 0:57:19]}
Bxf6 {[%clk 0:56:45]} 12. Nd5 {[%clk 0:55:38]} Bg5 {[%clk 0:49:05]} 13. Qc3
{[%clk 0:49:15]} Rc8 {[%clk 0:47:21]} 14. Qg3 {[%clk 0:44:52]} Bxd5 {[%clk
0:45:30]} 15. exd5 {[%clk 0:44:53]} Nb4 {[%clk 0:44:15]} 16. Bd3 {[%clk 0:40:20]}
Nxc2+ {[%clk 0:42:47]} 17. Bxc2 {[%clk 0:40:07]} Rxc2 {[%clk 0:41:27]} 18. Rb1
{[%clk 0:38:51]} O-O {[%clk 0:39:21]} 19. O-O {[%clk 0:39:00]} a5 {[%clk
0:35:52]} 20. Qd3 {[%clk 0:37:59]} Rc8 {[%clk 0:34:29]} 21. Nd2 {[%clk 0:36:40]}
Bxd2 {[%clk 0:32:16]} 22. Qxd2 {[%clk 0:37:04]} b5 {[%clk 0:31:15]} 23. Rbc1
{[%clk 0:36:47]} Qb6 {[%clk 0:29:14]} 24. Rc2 {[%clk 0:36:00]} Rxc2 {[%clk
0:26:49]} 25. Qxc2 {[%clk 0:36:25]} Qb7 {[%clk 0:26:20]} 26. Qc6 {[%clk 0:35:22]}
Qxc6 {[%clk 0:26:43]} 27. dxc6 {[%clk 0:35:48]} Rc8 {[%clk 0:27:10]} 28. Rc1
{[%clk 0:36:10]} Kf8 {[%clk 0:27:34]} 29. Kf1 {[%clk 0:36:25]} Ke7 {[%clk
0:28:00]} 30. Ke2 {[%clk 0:34:25]} Ke6 {[%clk 0:27:02]} 31. Ke3 {[%clk 0:34:21]}
Rc7 {[%clk 0:26:19]} 32. f4 {[%clk 0:25:35]} Kd5 {[%clk 0:23:52]} 33. fxe5 {[%clk
0:21:49]} dxe5 {[%clk 0:23:50]} 34. Rd1+ {[%clk 0:20:39]} Kxc6 {[%clk 0:24:15]}
35. Rc1+ {[%clk 0:21:06]} Kd6 {[%clk 0:24:34]} 36. Rxc7 {[%clk 0:21:09]} Kxc7
{[%clk 0:25:00]} 37. Ke4 {[%clk 0:21:33]} Kd6 {[%clk 0:25:25]} 38. g4 {[%clk
0:21:44]} Ke6 {[%clk 0:24:34]} 39. h4 {[%clk 0:21:58]} g5 {[%clk 0:24:55]} 40.
hxg5 {[%clk 0:20:44]} hxg5 {[%clk 0:25:20]} 41. b3 {[%clk 0:20:47]} b4 {[%clk
0:25:16]} 42. Ke3 {[%clk 0:20:48]} f5 {[%clk 0:25:22]} 43. gxf5+ {[%clk 0:20:15]}
Kxf5 {[%clk 0:25:47]} 44. Kd3 {[%clk 0:19:43]} g4 {[%clk 0:25:55]} 45. Kc4 {[%clk
0:20:05]} g3 {[%clk 0:26:22]} 46. Kb5 {[%clk 0:20:27]} g2 {[%clk 0:26:47]} 47.
Kxa5 {[%clk 0:20:52]} g1Q {[%clk 0:27:07]} 48. Kxb4 {[%clk 0:21:17]} Qb6+ {[%clk
0:27:23]} 49. Ka3 {[%clk 0:21:35]} Qa5+ {[%clk 0:27:46]} 50. Kb2 {[%clk 0:21:46]}
e4 {[%clk 0:28:10]} 0-1

[Event "Girls U12 Polish Youth Championship"]
[Site "chess24.com"]
[Date "2018.04.29"]
[Round "1"]
[White "Janikowska, Wiktoria"]
[Black "Szewczuk, Aleksandra"]
[Result "1-0"]
[Board "10"]
[WhiteElo "1369"]
[WhiteCountry "POL"]
[WhiteFideId "21836388"]
[WhiteEloChange "5"]
[BlackElo "1178"]
[BlackCountry "POL"]
[BlackFideId "21861625"]
[BlackEloChange "-5"]

1. e4 {[%clk 1:30:56]} e5 {[%clk 1:30:55]} 2. Nf3 {[%clk 1:31:19]} Nf6 {[%clk
1:31:15]} 3. d4 {[%clk 1:31:39]} Nxe4 {[%clk 1:31:37]} 4. Bd3 {[%clk 1:31:58]} d5
{[%clk 1:31:59]} 5. Nxe5 {[%clk 1:32:13]} Bd6 {[%clk 1:32:08]} 6. Nc3 {[%clk
1:31:24]} Nxc3 {[%clk 1:31:54]} 7. bxc3 {[%clk 1:31:40]} Nd7 {[%clk 1:31:36]} 8.
Nxd7 {[%clk 1:26:24]} Bxd7 {[%clk 1:31:10]} 9. O-O {[%clk 1:24:28]} O-O {[%clk
1:30:39]} 10. Qh5 {[%clk 1:03:42]} g6 {[%clk 1:29:46]} 11. Qxd5 {[%clk 1:01:03]}
Bc6 {[%clk 1:29:40]} 12. Qg5 {[%clk 1:00:11]} Be7 {[%clk 1:28:12]} 13. Qh6 {[%clk
0:53:50]} Qd5 {[%clk 1:26:59]} 14. f3 {[%clk 0:49:42]} Rfe8 {[%clk 1:24:54]} 15.
Be4 {[%clk 0:48:53]} Qd7 {[%clk 1:23:28]} 16. Bxc6 {[%clk 0:48:22]} Qxc6 {[%clk
1:23:26]} 17. Bd2 {[%clk 0:47:28]} Bf8 {[%clk 1:21:59]} 18. Qh4 {[%clk 0:44:54]}
Re2 {[%clk 1:21:39]} 19. Rf2 {[%clk 0:42:16]} Rae8 {[%clk 1:20:39]} 20. f4 {[%clk
0:36:48]} Qe4 {[%clk 1:19:02]} 21. Rxe2 {[%clk 0:36:24]} Qxe2 {[%clk 1:19:02]}
22. Re1 {[%clk 0:34:15]} Qb5 {[%clk 1:18:48]} 23. Rxe8 {[%clk 0:29:26]} Qxe8
{[%clk 1:19:07]} 24. Qe1 {[%clk 0:24:40]} Qa4 {[%clk 1:18:08]} 25. Qb1 {[%clk
0:24:39]} b6 {[%clk 1:18:13]} 26. Qb3 {[%clk 0:24:21]} Qc6 {[%clk 1:17:58]} 27.
c4 {[%clk 0:22:30]} Qe4 {[%clk 1:17:12]} 28. Qd3 {[%clk 0:22:28]} Qe6 {[%clk
1:16:36]} 29. Bc3 {[%clk 0:18:27]} a5 {[%clk 1:13:53]} 30. d5 {[%clk 0:18:12]}
Bc5+ {[%clk 1:13:50]} 31. Kf1 {[%clk 0:15:02]} Qg4 {[%clk 1:13:08]} 32. Be5
{[%clk 0:13:09]} Qd7 {[%clk 1:11:13]} 33. Bd4 {[%clk 0:12:15]} Bxd4 {[%clk
1:10:28]} 34. Qxd4 {[%clk 0:12:27]} Qa4 {[%clk 1:08:38]} 35. Qc3 {[%clk 0:08:03]}
Qxa2 {[%clk 1:08:33]} 36. Qb3 {[%clk 0:08:05]} Qa1+ {[%clk 1:08:07]} 37. Kf2
{[%clk 0:07:53]} Qd4+ {[%clk 1:08:02]} 38. Qe3 {[%clk 0:06:43]} Qxe3+ {[%clk
1:06:57]} 39. Kxe3 {[%clk 0:07:08]} Kg7 {[%clk 1:07:00]} 40. Kd4 {[%clk 0:07:29]}
Kf6 {[%clk 1:07:05]} 41. g4 {[%clk 0:07:17]} h5 {[%clk 1:07:19]} 42. h3 {[%clk
0:07:15]} h4 {[%clk 1:05:37]} 43. c5 {[%clk 0:07:06]} Ke7 {[%clk 1:04:35]} 44.
Kc4 {[%clk 0:06:46]} bxc5 {[%clk 1:03:42]} 45. Kxc5 {[%clk 0:07:06]} a4 {[%clk
1:03:21]} 46. Kb4 {[%clk 0:07:06]} a3 {[%clk 1:03:43]} 47. Kxa3 {[%clk 0:07:32]}
Kd6 {[%clk 1:04:04]} 48. c4 {[%clk 0:07:51]} Kc5 {[%clk 1:03:37]} 49. Kb3 {[%clk
0:04:35]} f5 {[%clk 1:03:04]} 50. gxf5 {[%clk 0:04:53]} gxf5 {[%clk 1:03:27]} 51.
Kc3 {[%clk 0:05:14]} c6 {[%clk 1:01:58]} 52. dxc6 {[%clk 0:05:38]} Kxc6 {[%clk
1:02:21]} 53. Kd4 {[%clk 0:06:03]} Kd6 {[%clk 1:02:30]} 54. c5+ {[%clk 0:06:26]}
Kc6 {[%clk 1:02:46]} 55. Kc4 {[%clk 0:06:34]} Kd7 {[%clk 1:02:48]} 56. Kd5 {[%clk
0:06:55]} Kc7 {[%clk 1:03:06]} 57. c6 {[%clk 0:07:21]} Kd8 {[%clk 1:02:57]} 58.
Kd6 {[%clk 0:07:45]} Kc8 {[%clk 1:03:15]} 59. c7 {[%clk 0:08:12]} Kb7 {[%clk
1:03:33]} 60. Kd7 {[%clk 0:08:38]} Kb6 {[%clk 1:03:17]} 61. c8Q {[%clk 0:08:46]}
Kb5 {[%clk 1:03:23]} 62. Qc3 {[%clk 0:09:01]} Kb6 {[%clk 1:03:37]} 63. Qb4+
{[%clk 0:09:21]} Ka7 {[%clk 1:03:52]} 64. Kc7 {[%clk 0:09:48]} Ka8 {[%clk
1:03:38]} 65. Qb8# {[%clk 0:10:10]} 1-0

[Event "Girls U12 Polish Youth Championship"]
[Site "chess24.com"]
[Date "2018.04.29"]
[Round "1"]
[White "Jedrzejewska, Zuzanna"]
[Black "Pastuszko, Katarzyna"]
[Result "1-0"]
[Board "11"]
[WhiteElo "1152"]
[WhiteCountry "POL"]
[WhiteFideId "21833770"]
[WhiteEloChange "15"]
[BlackElo "1357"]
[BlackCountry "POL"]
[BlackFideId "21844615"]
[BlackEloChange "-15"]

1. e4 {[%clk 1:30:59]} e5 {[%clk 1:30:55]} 2. Nf3 {[%clk 1:31:18]} Nc6 {[%clk
1:31:19]} 3. Bb5 {[%clk 1:31:34]} Bc5 {[%clk 1:31:19]} 4. O-O {[%clk 1:31:40]} d6
{[%clk 1:30:32]} 5. c3 {[%clk 1:31:39]} a6 {[%clk 1:28:10]} 6. Ba4 {[%clk
1:31:50]} Nf6 {[%clk 1:26:00]} 7. Re1 {[%clk 1:31:35]} O-O {[%clk 1:23:56]} 8. h3
{[%clk 1:30:35]} h6 {[%clk 1:20:41]} 9. d4 {[%clk 1:29:45]} Ba7 {[%clk 1:12:34]}
10. Bxc6 {[%clk 1:13:38]} bxc6 {[%clk 1:11:38]} 11. dxe5 {[%clk 1:13:57]} dxe5
{[%clk 1:11:52]} 12. Qxd8 {[%clk 1:14:19]} Rxd8 {[%clk 1:12:07]} 13. Nxe5 {[%clk
1:13:49]} Nxe4 {[%clk 1:11:30]} 14. Be3 {[%clk 1:11:34]} Bxe3 {[%clk 1:10:11]}
15. fxe3 {[%clk 1:11:11]} Bb7 {[%clk 1:07:18]} 16. Na3 {[%clk 1:08:35]} Re8
{[%clk 1:01:14]} 17. Nec4 {[%clk 1:02:39]} c5 {[%clk 0:56:37]} 18. Rad1 {[%clk
0:59:53]} Rad8 {[%clk 0:54:20]} 19. Na5 {[%clk 0:55:52]} Bc8 {[%clk 0:51:24]} 20.
N3c4 {[%clk 0:54:30]} Be6 {[%clk 0:49:22]} 21. Kh2 {[%clk 0:49:27]} Nf2 {[%clk
0:46:01]} 22. Rxd8 {[%clk 0:49:02]} Rxd8 {[%clk 0:46:18]} 23. Re2 {[%clk
0:48:47]} Ne4 {[%clk 0:45:12]} 24. Rc2 {[%clk 0:48:30]} Rd1 {[%clk 0:42:54]} 25.
a3 {[%clk 0:45:39]} Re1 {[%clk 0:41:44]} 26. b4 {[%clk 0:44:44]} Bf5 {[%clk
0:40:26]} 27. bxc5 {[%clk 0:42:21]} Ng3 {[%clk 0:35:31]} 28. Rb2 {[%clk 0:38:58]}
Nf1+ {[%clk 0:34:49]} 29. Kg1 {[%clk 0:38:01]} Nxe3+ {[%clk 0:33:56]} 30. Kf2
{[%clk 0:34:33]} Nxc4 {[%clk 0:33:06]} 31. Nxc4 {[%clk 0:33:31]} Rc1 {[%clk
0:33:16]} 32. Ne3 {[%clk 0:31:24]} Be6 {[%clk 0:31:15]} 33. Rb7 {[%clk 0:29:31]}
Rxc3 {[%clk 0:29:40]} 34. Rxc7 {[%clk 0:28:35]} Rxa3 {[%clk 0:29:26]} 35. c6
{[%clk 0:27:39]} Rc3 {[%clk 0:29:01]} 36. Ke2 {[%clk 0:25:12]} Kf8 {[%clk
0:27:57]} 37. Kd2 {[%clk 0:23:59]} Rc5 {[%clk 0:28:04]} 38. Kd3 {[%clk 0:24:21]}
Ke8 {[%clk 0:28:09]} 39. Kd4 {[%clk 0:24:20]} Kd8 {[%clk 0:25:37]} 40. Kxc5
{[%clk 0:23:20]} Kxc7 {[%clk 0:25:51]} 41. Nc2 {[%clk 0:23:40]} Bf5 {[%clk
0:22:40]} 42. Nb4 {[%clk 0:23:09]} a5 {[%clk 0:22:06]} 43. Na6+ {[%clk 0:23:28]}
Kc8 {[%clk 0:22:10]} 44. Kb6 {[%clk 0:22:50]} a4 {[%clk 0:21:44]} 45. c7 {[%clk
0:21:11]} a3 {[%clk 0:19:56]} 46. Nb4 {[%clk 0:21:29]} Be6 {[%clk 0:19:46]} 47.
Nc6 {[%clk 0:21:29]} Kd7 {[%clk 0:19:53]} 48. Kb7 {[%clk 0:20:25]} Kd6 {[%clk
0:19:59]} 49. Nb4 {[%clk 0:20:46]} Kc5 {[%clk 0:19:46]} 50. Na2 {[%clk 0:20:31]}
Kc4 {[%clk 0:17:11]} 51. c8Q+ {[%clk 0:20:55]} Bxc8+ {[%clk 0:17:26]} 52. Kxc8
{[%clk 0:21:21]} Kb3 {[%clk 0:17:48]} 53. Nc1+ {[%clk 0:21:36]} Kb2 {[%clk
0:18:02]} 54. Nd3+ {[%clk 0:22:03]} Kb1 {[%clk 0:17:30]} 55. Nb4 {[%clk 0:22:23]}
a2 {[%clk 0:15:36]} 56. Nxa2 {[%clk 0:22:45]} Kxa2 {[%clk 0:16:04]} 57. Kd7
{[%clk 0:23:03]} f5 {[%clk 0:09:36]} 58. Ke6 {[%clk 0:23:14]} f4 {[%clk 0:09:31]}
59. Kf5 {[%clk 0:23:36]} g5 {[%clk 0:09:30]} 60. Kg6 {[%clk 0:24:02]} Kb2 {[%clk
0:09:49]} 61. Kxh6 {[%clk 0:23:53]} Kc2 {[%clk 0:10:07]} 62. Kxg5 {[%clk
0:24:06]} Kd3 {[%clk 0:10:06]} 63. Kxf4 {[%clk 0:24:30]} 1-0

[Event "Girls U12 Polish Youth Championship"]
[Site "chess24.com"]
[Date "2018.04.29"]
[Round "1"]
[White "Obrochta, Lena"]
[Black "Miranowska, Anna"]
[Result "0-1"]
[Board "12"]
[WhiteElo "1342"]
[WhiteCountry "POL"]
[WhiteFideId "21836477"]
[WhiteEloChange "-15"]
[BlackElo "1146"]
[BlackCountry "POL"]
[BlackFideId "21847274"]
[BlackEloChange "15"]

1. e4 {[%clk 1:30:56]} c6 {[%clk 1:30:58]} 2. d4 {[%clk 1:31:15]} d5 {[%clk
1:31:25]} 3. Nc3 {[%clk 1:31:37]} dxe4 {[%clk 1:31:43]} 4. Nxe4 {[%clk 1:31:50]}
Nd7 {[%clk 1:32:04]} 5. c3 {[%clk 1:30:48]} Ngf6 {[%clk 1:31:56]} 6. Nxf6+ {[%clk
1:30:55]} Nxf6 {[%clk 1:32:16]} 7. h3 {[%clk 1:28:12]} Bf5 {[%clk 1:30:30]} 8.
Nf3 {[%clk 1:27:42]} e6 {[%clk 1:26:41]} 9. Bc4 {[%clk 1:21:19]} Be7 {[%clk
1:22:05]} 10. Bf4 {[%clk 1:15:29]} O-O {[%clk 1:21:43]} 11. Qe2 {[%clk 1:14:34]}
Nd5 {[%clk 1:16:42]} 12. Bh2 {[%clk 1:14:03]} Bd6 {[%clk 1:14:57]} 13. O-O-O
{[%clk 1:06:13]} b5 {[%clk 1:08:11]} 14. Bxd5 {[%clk 0:49:01]} exd5 {[%clk
1:06:47]} 15. Bxd6 {[%clk 0:44:48]} Qxd6 {[%clk 1:06:52]} 16. Qd2 {[%clk
0:43:28]} Rab8 {[%clk 1:01:21]} 17. Nh4 {[%clk 0:39:46]} Bg6 {[%clk 1:00:36]} 18.
Nxg6 {[%clk 0:35:28]} Qxg6 {[%clk 0:59:06]} 19. h4 {[%clk 0:30:21]} a5 {[%clk
0:56:09]} 20. h5 {[%clk 0:29:24]} Qf5 {[%clk 0:43:03]} 21. g4 {[%clk 0:18:42]}
Qf6 {[%clk 0:42:06]} 22. g5 {[%clk 0:15:57]} Qf5 {[%clk 0:42:09]} 23. f4 {[%clk
0:11:14]} b4 {[%clk 0:42:03]} 24. Rdf1 {[%clk 0:10:14]} bxc3 {[%clk 0:41:50]} 25.
Qxc3 {[%clk 0:10:30]} Rb4 {[%clk 0:39:12]} 26. b3 {[%clk 0:09:04]} Rfb8 {[%clk
0:36:04]} 27. Kb2 {[%clk 0:08:26]} a4 {[%clk 0:32:26]} 28. Rf3 {[%clk 0:04:43]}
axb3 {[%clk 0:31:20]} 29. axb3 {[%clk 0:04:57]} Qe4 {[%clk 0:29:06]} 30. Rd1
{[%clk 0:02:33]} Qe2+ {[%clk 0:28:55]} 31. Rd2 {[%clk 0:02:56]} Rxb3+ {[%clk
0:25:47]} 32. Ka2 {[%clk 0:01:34]} Qa6+ {[%clk 0:24:53]} 0-1

[Event "Girls U12 Polish Youth Championship"]
[Site "chess24.com"]
[Date "2018.04.29"]
[Round "1"]
[White "Kandula, Jasmina"]
[Black "Tokarz, Izabela"]
[Result "0-1"]
[Board "13"]
[WhiteElo "1143"]
[WhiteCountry "POL"]
[WhiteFideId "21844330"]
[WhiteEloChange "-5"]
[BlackElo "1337"]
[BlackCountry "POL"]
[BlackFideId "21849170"]
[BlackEloChange "5"]

1. e4 {[%clk 1:30:57]} c5 {[%clk 1:30:45]} 2. Nf3 {[%clk 1:31:15]} d6 {[%clk
1:30:53]} 3. c3 {[%clk 1:31:35]} Nf6 {[%clk 1:29:02]} 4. h3 {[%clk 1:32:02]} Nc6
{[%clk 1:27:59]} 5. Bd3 {[%clk 1:32:13]} d5 {[%clk 1:01:35]} 6. e5 {[%clk
1:22:51]} Nd7 {[%clk 1:01:39]} 7. Bb5 {[%clk 1:22:25]} e6 {[%clk 1:00:42]} 8. d4
{[%clk 1:20:43]} a6 {[%clk 0:56:49]} 9. Qa4 {[%clk 1:16:32]} Qc7 {[%clk 0:54:42]}
10. Nbd2 {[%clk 0:56:21]} axb5 {[%clk 0:49:55]} 11. Qxa8 {[%clk 0:31:20]} cxd4
{[%clk 0:44:49]} 12. Nxd4 {[%clk 0:23:29]} Nb6 {[%clk 0:44:38]} 13. Qxc8+ {[%clk
0:16:40]} Qxc8 {[%clk 0:44:39]} 14. Nxb5 {[%clk 0:16:10]} Nxe5 {[%clk 0:44:55]}
15. Ke2 {[%clk 0:13:07]} Nbc4 {[%clk 0:45:20]} 16. b3 {[%clk 0:12:31]} Nxd2
{[%clk 0:45:40]} 17. Kxd2 {[%clk 0:12:56]} Qc5 {[%clk 0:45:57]} 18. a4 {[%clk
0:12:07]} Qxf2+ {[%clk 0:46:19]} 19. Kd1 {[%clk 0:11:29]} Qxg2 {[%clk 0:45:24]}
20. Re1 {[%clk 0:11:26]} Nf3 {[%clk 0:43:34]} 21. Re2 {[%clk 0:11:37]} Qf1+
{[%clk 0:44:00]} 22. Kc2 {[%clk 0:11:40]} Qxe2+ {[%clk 0:44:25]} 23. Kb1 {[%clk
0:11:57]} Nd2+ {[%clk 0:44:33]} 24. Ka2 {[%clk 0:11:34]} Nc4+ {[%clk 0:45:45]}
25. Kb1 {[%clk 0:11:53]} Qd3+ {[%clk 0:45:56]} 26. Ka2 {[%clk 0:12:13]} Qc2+
{[%clk 0:46:19]} 27. Bb2 {[%clk 0:12:34]} Qxb2# {[%clk 0:46:35]} 0-1

[Event "Girls U12 Polish Youth Championship"]
[Site "chess24.com"]
[Date "2018.04.29"]
[Round "1"]
[White "Oborska, Magda"]
[Black "Kuczynska, Katarzyna"]
[Result "1-0"]
[Board "14"]
[WhiteElo "1336"]
[WhiteCountry "POL"]
[WhiteFideId "21852545"]
[WhiteEloChange "5"]
[BlackElo "1131"]
[BlackCountry "POL"]
[BlackFideId "21806390"]
[BlackEloChange "-5"]

1. e4 {[%clk 1:30:57]} c5 {[%clk 1:30:49]} 2. Nf3 {[%clk 1:31:19]} d6 {[%clk
1:31:08]} 3. d4 {[%clk 1:31:40]} cxd4 {[%clk 1:31:21]} 4. Nxd4 {[%clk 1:31:59]}
Nf6 {[%clk 1:31:09]} 5. Nc3 {[%clk 1:32:05]} a6 {[%clk 1:30:44]} 6. Be3 {[%clk
1:31:59]} e6 {[%clk 1:29:00]} 7. f3 {[%clk 1:32:01]} b5 {[%clk 1:28:28]} 8. Qd2
{[%clk 1:31:54]} Be7 {[%clk 1:27:42]} 9. O-O-O {[%clk 1:31:00]} O-O {[%clk
1:27:44]} 10. g4 {[%clk 1:31:15]} Bb7 {[%clk 1:26:12]} 11. h4 {[%clk 1:31:11]}
Nbd7 {[%clk 1:19:43]} 12. h5 {[%clk 1:30:46]} Ne5 {[%clk 1:14:01]} 13. g5 {[%clk
1:28:51]} Ne8 {[%clk 1:11:37]} 14. g6 {[%clk 1:25:11]} Nf6 {[%clk 1:08:53]} 15.
gxh7+ {[%clk 1:19:45]} Nxh7 {[%clk 1:07:43]} 16. Rg1 {[%clk 1:13:05]} Re8 {[%clk
1:04:17]} 17. Bh6 {[%clk 1:10:16]} Bf8 {[%clk 0:59:47]} 18. f4 {[%clk 1:02:01]}
Nc4 {[%clk 0:58:02]} 19. Bxc4 {[%clk 1:00:58]} bxc4 {[%clk 0:58:13]} 20. Bxg7
{[%clk 0:57:55]} Bxg7 {[%clk 0:52:41]} 21. h6 {[%clk 0:56:46]} Qf6 {[%clk
0:49:43]} 22. hxg7 {[%clk 0:55:39]} Rad8 {[%clk 0:48:18]} 23. Qh2 {[%clk
0:54:33]} Rc8 {[%clk 0:40:33]} 24. Rg2 {[%clk 0:48:16]} e5 {[%clk 0:37:01]} 25.
Nf5 {[%clk 0:47:23]} 1-0

[Event "Girls U12 Polish Youth Championship"]
[Site "chess24.com"]
[Date "2018.04.29"]
[Round "1"]
[White "Sobieraj, Wiktoria"]
[Black "Bialek, Alicja"]
[Result "0-1"]
[Board "15"]
[WhiteElo "1130"]
[WhiteCountry "POL"]
[WhiteFideId "21839107"]
[WhiteEloChange "-5"]
[BlackElo "1315"]
[BlackCountry "POL"]
[BlackFideId "21836345"]
[BlackEloChange "5"]

1. e4 {[%clk 1:30:57]} c5 {[%clk 1:30:56]} 2. d4 {[%clk 1:31:21]} cxd4 {[%clk
1:31:16]} 3. c3 {[%clk 1:31:44]} dxc3 {[%clk 1:31:19]} 4. Nxc3 {[%clk 1:32:07]}
Nc6 {[%clk 1:30:40]} 5. Nf3 {[%clk 1:31:58]} d6 {[%clk 1:26:14]} 6. Bc4 {[%clk
1:32:14]} Bg4 {[%clk 1:25:30]} 7. Bxf7+ {[%clk 1:31:59]} Kxf7 {[%clk 1:24:14]} 8.
Ng5+ {[%clk 1:32:21]} Ke8 {[%clk 1:24:08]} 9. Qxg4 {[%clk 1:32:42]} Ne5 {[%clk
1:22:37]} 10. Qe2 {[%clk 1:30:40]} h6 {[%clk 1:17:31]} 11. Qb5+ {[%clk 1:25:00]}
Qd7 {[%clk 1:17:23]} 12. Qxd7+ {[%clk 1:25:19]} Kxd7 {[%clk 1:17:26]} 13. Nf3
{[%clk 1:24:22]} Nd3+ {[%clk 1:10:34]} 14. Ke2 {[%clk 1:24:05]} Nxc1+ {[%clk
1:06:55]} 15. Raxc1 {[%clk 1:24:19]} g5 {[%clk 1:02:27]} 16. h3 {[%clk 1:24:17]}
Bg7 {[%clk 0:50:23]} 17. Rhd1 {[%clk 1:23:47]} Ke8 {[%clk 0:44:04]} 18. Nd4
{[%clk 1:23:25]} Rc8 {[%clk 0:36:22]} 19. Nf5 {[%clk 1:20:09]} Bxc3 {[%clk
0:36:18]} 20. Rxc3 {[%clk 1:20:20]} Rxc3 {[%clk 0:36:23]} 21. bxc3 {[%clk
1:20:43]} Nf6 {[%clk 0:36:14]} 22. f3 {[%clk 1:18:36]} h5 {[%clk 0:35:28]} 23.
Rb1 {[%clk 1:18:41]} b6 {[%clk 0:34:16]} 24. Ne3 {[%clk 1:15:17]} Kd7 {[%clk
0:32:24]} 25. Rb5 {[%clk 1:15:13]} e5 {[%clk 0:31:16]} 26. Nd5 {[%clk 1:14:50]}
Nxd5 {[%clk 0:30:29]} 27. Rxd5 {[%clk 1:15:00]} Rc8 {[%clk 0:29:50]} 28. Kd3
{[%clk 1:15:18]} Rc5 {[%clk 0:28:53]} 29. Rxc5 {[%clk 1:12:47]} dxc5 {[%clk
0:28:48]} 30. g3 {[%clk 1:12:16]} b5 {[%clk 0:28:21]} 31. Ke3 {[%clk 1:12:06]}
Ke6 {[%clk 0:27:01]} 32. f4 {[%clk 1:12:13]} exf4+ {[%clk 0:15:41]} 33. gxf4
{[%clk 1:12:09]} g4 {[%clk 0:14:27]} 34. f5+ {[%clk 1:11:51]} Ke5 {[%clk
0:14:47]} 35. hxg4 {[%clk 1:11:58]} hxg4 {[%clk 0:15:01]} 36. Kf2 {[%clk
1:11:52]} b4 {[%clk 0:15:17]} 37. c4 {[%clk 1:12:05]} a5 {[%clk 0:15:20]} 38. Kg3
{[%clk 1:12:30]} a4 {[%clk 0:15:39]} 39. Kxg4 {[%clk 1:12:51]} b3 {[%clk
0:14:18]} 40. axb3 {[%clk 1:13:04]} axb3 {[%clk 0:14:33]} 41. Kg5 {[%clk
1:13:25]} b2 {[%clk 0:14:55]} 42. f6 {[%clk 1:13:50]} b1Q {[%clk 0:15:11]} 43.
Kg6 {[%clk 1:13:15]} Qxe4+ {[%clk 0:15:15]} 44. Kg7 {[%clk 1:13:36]} Qg4+ {[%clk
0:15:16]} 45. Kf7 {[%clk 1:13:55]} Qe6+ {[%clk 0:15:32]} 0-1

[Event "Girls U12 Polish Youth Championship"]
[Site "chess24.com"]
[Date "2018.04.29"]
[Round "1"]
[White "Grzesik, Nikola"]
[Black "Maslewska, Anna"]
[Result "1-0"]
[Board "16"]
[WhiteElo "1313"]
[WhiteCountry "POL"]
[WhiteFideId "21816590"]
[WhiteEloChange "5"]
[BlackElo "1124"]
[BlackCountry "POL"]
[BlackFideId "21839581"]
[BlackEloChange "-5"]

1. e4 {[%clk 1:30:57]} e5 {[%clk 1:30:54]} 2. Nf3 {[%clk 1:31:24]} Nc6 {[%clk
1:31:07]} 3. d4 {[%clk 1:31:49]} exd4 {[%clk 1:31:11]} 4. Nxd4 {[%clk 1:32:15]}
Nf6 {[%clk 1:31:13]} 5. Nc3 {[%clk 1:32:37]} Bb4 {[%clk 1:30:17]} 6. Nxc6 {[%clk
1:33:00]} bxc6 {[%clk 1:30:26]} 7. Bd3 {[%clk 1:33:23]} h6 {[%clk 1:28:44]} 8.
O-O {[%clk 1:33:07]} Bxc3 {[%clk 1:28:09]} 9. bxc3 {[%clk 1:33:15]} O-O {[%clk
1:26:06]} 10. Rb1 {[%clk 1:29:24]} d6 {[%clk 1:25:19]} 11. f3 {[%clk 1:28:28]}
Be6 {[%clk 1:22:15]} 12. a3 {[%clk 1:27:08]} d5 {[%clk 1:18:34]} 13. Re1 {[%clk
1:22:43]} Rb8 {[%clk 1:12:49]} 14. Be3 {[%clk 1:19:14]} a5 {[%clk 1:11:35]} 15.
Bf2 {[%clk 1:11:41]} Nd7 {[%clk 1:07:38]} 16. exd5 {[%clk 1:09:19]} cxd5 {[%clk
1:06:58]} 17. Qd2 {[%clk 1:05:18]} Qe7 {[%clk 1:01:52]} 18. Ra1 {[%clk 1:00:30]}
c6 {[%clk 0:58:35]} 19. Qf4 {[%clk 0:49:26]} Qf6 {[%clk 0:55:57]} 20. Qxf6 {[%clk
0:47:53]} Nxf6 {[%clk 0:56:17]} 21. Rab1 {[%clk 0:47:11]} Nd7 {[%clk 0:54:27]}
22. Bg3 {[%clk 0:46:34]} Ra8 {[%clk 0:49:59]} 23. Bd6 {[%clk 0:45:30]} Rfc8
{[%clk 0:49:54]} 24. f4 {[%clk 0:45:30]} Nf6 {[%clk 0:45:23]} 25. f5 {[%clk
0:39:31]} Bd7 {[%clk 0:45:35]} 26. Rb7 {[%clk 0:33:20]} Be8 {[%clk 0:45:20]} 27.
Rbe7 {[%clk 0:27:32]} c5 {[%clk 0:45:07]} 28. Rc7 {[%clk 0:20:56]} Rxc7 {[%clk
0:44:51]} 29. Bxc7 {[%clk 0:21:18]} c4 {[%clk 0:44:52]} 30. Be2 {[%clk 0:19:46]}
Bd7 {[%clk 0:44:23]} 31. g4 {[%clk 0:17:38]} a4 {[%clk 0:43:36]} 32. Bf3 {[%clk
0:17:11]} Ra7 {[%clk 0:38:32]} 33. Be5 {[%clk 0:15:17]} Bc6 {[%clk 0:36:23]} 34.
Bxf6 {[%clk 0:14:36]} gxf6 {[%clk 0:36:35]} 35. Rb1 {[%clk 0:14:21]} Ra8 {[%clk
0:35:14]} 36. Rb6 {[%clk 0:14:29]} Rc8 {[%clk 0:35:32]} 37. Kf2 {[%clk 0:13:59]}
Kf8 {[%clk 0:30:56]} 38. Ke3 {[%clk 0:12:58]} d4+ {[%clk 0:30:55]} 39. cxd4
{[%clk 0:12:44]} Re8+ {[%clk 0:30:39]} 40. Kf2 {[%clk 0:12:26]} Be4 {[%clk
0:30:08]} 41. c3 {[%clk 0:06:52]} Bxf3 {[%clk 0:26:20]} 42. Kxf3 {[%clk 0:07:07]}
Ke7 {[%clk 0:26:31]} 43. Rb4 {[%clk 0:06:50]} Kd6 {[%clk 0:26:41]} 44. Rxc4
{[%clk 0:06:46]} Kd5 {[%clk 0:26:33]} 45. Rc5+ {[%clk 0:06:57]} Kd6 {[%clk
0:26:45]} 46. c4 {[%clk 0:06:41]} Rb8 {[%clk 0:26:51]} 47. Rb5 {[%clk 0:06:53]}
Rxb5 {[%clk 0:26:29]} 48. cxb5 {[%clk 0:07:03]} Kc7 {[%clk 0:26:40]} 49. Ke4
{[%clk 0:06:17]} Kb6 {[%clk 0:26:59]} 50. Kd5 {[%clk 0:06:33]} Kxb5 {[%clk
0:27:21]} 51. h3 {[%clk 0:06:12]} Kb6 {[%clk 0:27:06]} 52. Kd6 {[%clk 0:06:24]}
Kb5 {[%clk 0:27:22]} 53. d5 {[%clk 0:06:07]} Kc4 {[%clk 0:27:28]} 54. Kc6 {[%clk
0:06:30]} Kb3 {[%clk 0:27:30]} 55. d6 {[%clk 0:06:50]} Kxa3 {[%clk 0:27:41]} 56.
d7 {[%clk 0:07:15]} Kb2 {[%clk 0:27:45]} 57. d8Q {[%clk 0:07:27]} a3 {[%clk
0:28:12]} 58. Qa8 {[%clk 0:07:26]} a2 {[%clk 0:28:31]} 59. Kd7 {[%clk 0:07:49]}
a1Q {[%clk 0:28:49]} 60. Qxa1+ {[%clk 0:08:06]} Kxa1 {[%clk 0:29:14]} 61. Ke7
{[%clk 0:08:30]} 1-0